000 01157nam a22003377a 4500
003 CHAP
005 20220329141812.0
008 971013s1979 r 00010 d
010 _a74086
011 _a75058
035 _a84618
040 _cCHAP
090 _aTesis
100 0 0 _aGarza Meléndez, Jorge Raúl de la.
_947104
245 _aEvaluación económica de resultados del distrito de riego del bajo Río Bravo, Tamps.
260 _aMéxico, D.F. :
_bEl autor,
_c1979
300 _a122 h.
502 _aTesis (Lic. en Economía) -- UNAM. Facultad de Economía
590 _aALEPH
_b10
_c20130110
_lUCH01
_h1418
590 _aBATCH-UPD
_b10
_c20130110
_lUCH01
_h0802
590 _aBATCH-UPD
_b10
_c20130410
_lUCH01
_h0440
590 _aBATCH-UPD
_b10
_c20130914
_lUCH01
_h1207
590 _aCONVERSION
_b10
_c20130109
_lUCH01
_h1340
650 1 4 _aDistrito de Riego Bajo Río Bravo, Tamps.
_932847
650 1 4 _aIrrigación
_xTamaulipas.
_960487
901 _aBK
942 _cFOLL
949 _bBC
_cTES
_d-40036
_eTS1
_h17987
_i84618
_si
949 _bBC
_cTES
_d-40037
_eTS2
_fc.2
_h18005
_i84618
_si
949 _bBC
_cTES
_d-40038
_eTS2
_fc.3
_h18006
_i84618
_si
999 _c74086
_d74086